[Event "Equeurdreville de la Manche-ch"]
[Site "Equeurdreville"]
[Date "2016.02.27"]
[Round "2"]
[White "Lepigoche, Cyril"]
[Black "Digeon, Francois"]
[Result "1-0"]
[WhiteElo "2121"]
[BlackElo "1630"]
[PlyCount "83"]
[EventDate "2016.02.27"]
[EventType "swiss"]
[EventRounds "6"]
[EventCountry "FRA"]
[SourceTitle "EXT 2024"]
[Source "ChessBase"]
[SourceDate "2023.10.10"]
[SourceVersion "1"]
[SourceVersionDate "2023.10.10"]
[SourceQuality "1"]

1. Nf3 f5 2. d4 Nf6 3. Bg5 e6 4. Nbd2 Be7 5. Bxf6 Bxf6 6. e4 0-0 7. Bd3 d6 8. c3 c5 9. Qb3 Nc6 10. 0-0 cxd4 11. cxd4 Kh8 12. d5 Na5 13. Qa3 fxe4 14. Bxe4 e5 15. b4 Bg5 16. bxa5 Bxd2 17. Nxd2 Rf4 18. g3 Rf8 19. Rab1 Qf6 20. Qf3 Qe7 21. Qh5 g6 22. Bxg6 Bg4 23. Qxg4 hxg6 24. Qxg6 Rf7 25. Qe6 Qf8 26. Ne4 Rd8 27. Rb3 Re7 28. Qg6 Rg7 29. Qh6+ Rh7 30. Qxf8+ Rxf8 31. Nxd6 Rb8 32. Rd1 Rd7 33. Nb5 a6 34. Nc3 Kg7 35. Rb6 Kf7 36. Ne4 Rc7 37. d6 Rc6 38. Rxc6 bxc6 39. Nc5 Ke8 40. d7+ Kd8 41. Ne6+ Ke7 42. d8Q+ 1-0